000 00807cam a2200241 4500
008 000000n2000 000 0 eng u
020 _a1842190253
020 _a9780854069606
035 _a(Sirsi) u106905
050 _a347.41067
110 _aRoyal Institution of Chartered Surveyors
_94900
245 _aSurveyors acting as expert witnesses practice statement
250 _a2nd ed.
260 _aLondon
_bRICS
_c2000
300 _a10p. ; 30cm.
520 _aPRACTICE STATEMENT ONLY INCORPORATED INTO 1854069607 LIBRARY 2001/31
650 _aEXPERT WITNESSES
650 _aPRACTICE STATEMENT
650 _aABOUT RICS-RICS MEMBERS
650 _aLAW
690 _aMANAGEMENT-DISPUTE AVOIDANCE, MANAGEMENT AND RESOLUTION-DISPUTE MANAGEMENT AND RESOLUTION-EXPERT WITNESSES
942 _n0
_2ddc
999 _c100638
_d100638